000 00388 a2200169 4500
001 189129
020 _a85-16-05272-9
040 _cMagnum
100 _aPeruzzo, Tito Maragaia
240 1 0 _aQuímica na abordagem do cotidiano 1
_lpor
245 1 0 _aQuímica na abordagem do cotidiano 1
300 _a648
362 0 _a2011
440 1 _aModerna
697 _aQUÍMICA
942 _cBK
999 _c189129
_d189129